00286pam a2200109 a 4500020000500000041000500005082001000010100002400020245009800044260002200142300001200164 c h a658.4 aPLENERT (G)eauthor aWorld Class Manager: Olympic Quality Performance in the New Global Economy.hTextual Document bPRIMA PUB Ac1995 aXVI,429